[Event "EU-ch Blitz"]
[Site "Katowice"]
[Date "2022.12.16"]
[Round "3"]
[White "Niccoli, Tony"]
[Black "Deac, Bogdan Daniel"]
[Result "0-1"]
[WhiteElo "2027"]
[BlackElo "2700"]
[PlyCount "76"]
[EventDate "2022.12.16"]
[EventType "swiss (blitz)"]
[EventRounds "22"]
[EventCountry "POL"]
[SourceTitle "CBM 211 Extra"]
[Source "ChessBase"]
[SourceDate "2023.01.31"]
[SourceVersion "1"]
[SourceVersionDate "2023.01.31"]
[SourceQuality "1"]

1. d4 g6 2. Nf3 Bg7 3. e4 c6 4. c3 d5 5. Bd3 Nh6 6. 0-0 0-0 7. Re1 Nd7 8. Nbd2 Nb6 9. a4 a5 10. h3 Re8 11. Nf1 dxe4 12. Bxe4 Nf5 13. Ne3 Nd6 14. Bc2 Nd5 15. Bb3 e6 16. Ne5 Qc7 17. N3c4 Nf5 18. Qf3 f6 19. Nd3 b6 20. Nf4 Bd7 21. Bd2 Rad8 22. Rad1 Bf8 23. Bc2 Bg7 24. Bxf5 gxf5 25. Nh5 Bc8 26. Ne3 Qf7 27. Nc4 Bf8 28. Qg3+ Kh8 29. Qh4 Be7 30. Bh6 Rg8 31. Rd3 Ba6 32. b3 Rg6 33. Bd2 Rdg8 34. Rg3 b5 35. axb5 cxb5 36. Nxa5 Bd6 37. Rxg6 Qxg6 38. Ng3 f4 0-1

[Event "BCF-chT3S 1718 (4NCL) Demotion pool"]
[Site "England"]
[Date "2018.05.06"]
[Round "10.65"]
[White "Niccoli, Tony"]
[Black "Clancy, Martin J"]
[Result "1-0"]
[WhiteElo "2030"]
[BlackElo "1835"]
[PlyCount "109"]
[EventDate "2017.11.11"]
[EventType "team-tourn"]
[EventRounds "11"]
[EventCountry "ENG"]
[SourceTitle "EXT 2020"]
[Source "ChessBase"]
[SourceDate "2019.10.17"]
[SourceVersion "1"]
[SourceVersionDate "2019.10.17"]
[SourceQuality "1"]
[WhiteTeam "Fermented Sharks"]
[BlackTeam "Hackney"]
[WhiteTeamCountry "ENG"]
[BlackTeamCountry "ENG"]

1. e4 g6 2. f4 Bg7 3. Nf3 c5 4. Nc3 Nc6 5. Bb5 Nd4 6. 0-0 e6 7. d3 a6 8. Ba4 b5 9. Bb3 Ne7 10. Nxd4 cxd4 11. Ne2 d5 12. e5 Nf5 13. g4 Ne3 14. Bxe3 dxe3 15. d4 Qh4 16. Ng3 f5 17. gxf5 gxf5 18. Qh5+ Qxh5 19. Nxh5 Rg8 20. Kh1 a5 21. c3 Ba6 22. Rg1 Kf7 23. Nxg7 Rxg7 24. Rxg7+ Kxg7 25. Re1 e2 26. Rxe2 b4 27. Re3 Bc4 28. Kg2 Rb8 29. Kf3 Bxb3 30. axb3 bxc3 31. Rxc3 Rb4 32. Ke3 Kg6 33. Kd3 Kh5 34. Rc6 Rxb3+ 35. Kc2 Rf3 36. Rxe6 Rxf4 37. Kd3 Rf3+ 38. Ke2 Rb3 39. Rd6 Rxb2+ 40. Kf3 Kg5 41. h4+ Kxh4 42. Rxd5 Kg5 43. Rxa5 Rb3+ 44. Kf2 Rb2+ 45. Kf3 Rb3+ 46. Ke2 Kf4 47. Ra8 Ke4 48. e6 Rb7 49. Rd8 f4 50. d5 f3+ 51. Kf2 Rb2+ 52. Kg3 Rg2+ 53. Kh3 Rg7 54. d6 Rg6 55. e7 1-0

[Event "BCF-chT3Sb 1718 (4NCL)"]
[Site "England"]
[Date "2018.01.14"]
[Round "4.85"]
[White "Cole, James"]
[Black "Niccoli, Tony"]
[Result "1-0"]
[WhiteElo "1900"]
[BlackElo "2030"]
[PlyCount "59"]
[EventDate "2017.11.11"]
[EventType "team-tourn"]
[EventRounds "11"]
[EventCountry "ENG"]
[SourceTitle "EXT 2020"]
[Source "ChessBase"]
[SourceDate "2019.10.17"]
[SourceVersion "1"]
[SourceVersionDate "2019.10.17"]
[SourceQuality "1"]
[WhiteTeam "Oxford II"]
[BlackTeam "Fermented Sharks"]
[WhiteTeamCountry "ENG"]
[BlackTeamCountry "ENG"]

1. d4 d5 2. Nf3 Nf6 3. e3 c5 4. b3 Nc6 5. Bd3 cxd4 6. exd4 Bg4 7. Bb2 Qb6 8. Nbd2 e6 9. a3 Rc8 10. Qe2 Be7 11. 0-0 0-0 12. Qe3 Qc7 13. Rac1 Rfe8 14. h3 Bh5 15. Ne5 Nxe5 16. dxe5 Nd7 17. c4 Qb6 18. Bd4 Bc5 19. Bxc5 Qxc5 20. Qg5 Bg6 21. b4 Qd4 22. Bxg6 hxg6 23. Nf3 Qb2 24. cxd5 exd5 25. Rxc8 Rxc8 26. Qe7 Nb6 27. Ng5 Rf8 28. e6 fxe6 29. Qxe6+ Kh8 30. Qxg6 1-0

[Event "BCF-chT3Sb 1617 (4NCL)"]
[Site "England"]
[Date "2017.01.15"]
[Round "4.53"]
[White "Cenal Gutierrez, Ruben"]
[Black "Niccoli, Tony"]
[Result "1-0"]
[WhiteElo "2150"]
[BlackElo "2060"]
[PlyCount "127"]
[EventDate "2016.11.26"]
[EventType "team-tourn"]
[EventRounds "11"]
[EventCountry "ENG"]
[SourceTitle "EXT 2019"]
[Source "ChessBase"]
[SourceDate "2018.10.10"]
[SourceVersion "1"]
[SourceVersionDate "2018.10.10"]
[SourceQuality "1"]
[WhiteTeam "Hackney"]
[BlackTeam "Fermented Sharks"]
[WhiteTeamCountry "ENG"]
[BlackTeamCountry "ENG"]

1. d4 d5 2. Nf3 Nf6 3. c4 c6 4. Nc3 dxc4 5. e4 b5 6. e5 Nd5 7. a4 e6 8. Be2 b4 9. Ne4 Ba6 10. 0-0 c3 11. bxc3 Nxc3 12. Nxc3 bxc3 13. a5 Bb4 14. Ng5 Bxe2 15. Qxe2 Qd5 16. Ba3 Bxa3 17. Rxa3 0-0 18. Qd3 f5 19. Rxc3 Rd8 20. Qc4 Qxc4 21. Rxc4 Re8 22. h4 h6 23. Nf3 Kf7 24. Rb1 Re7 25. h5 Rc7 26. Ne1 Nd7 27. Rbc1 Rac8 28. Nd3 Nb8 29. f3 Na6 30. Kf2 Ke7 31. Ke3 Kd7 32. g4 fxg4 33. fxg4 Ke7 34. Nf4 Kd7 35. Ng6 c5 36. Ke4 Kc6 37. Nf4 Kd7 38. Ng6 Kc6 39. Nf4 Kd7 40. d5 exd5+ 41. Nxd5 Rc6 42. Rf1 Ke8 43. Nf4 Nc7 44. Kf5 Nb5 45. Ng6 Nd4+ 46. Ke4 Ne6 47. Rb1 R6c7 48. Kd5 Ng5 49. e6 Rd8+ 50. Ke5 Nf3+ 51. Kf4 Nd2 52. Kg3 Re7 53. Nxe7 Rd3+ 54. Kf2 Nxb1 55. Nf5 Nd2 56. Nxg7+ Kd8 57. Rf4 c4 58. Rf8+ Kc7 59. e7 Ne4+ 60. Kg2 Rd2+ 61. Kf3 Nd6 62. Nf5 Kd7 63. Rd8+ Kc7 64. Nxd6 1-0

[Event "London Classic op 7th"]
[Site "London"]
[Date "2015.12.07"]
[Round "5"]
[White "Niccoli, Tony"]
[Black "Calderon, Paul"]
[Result "1-0"]
[WhiteElo "2009"]
[BlackElo "1842"]
[PlyCount "93"]
[EventDate "2015.12.04"]
[EventType "swiss"]
[EventRounds "9"]
[EventCountry "ENG"]
[SourceTitle "CBM 169 Extra"]
[Source "ChessBase"]
[SourceDate "2015.12.18"]
[SourceVersion "1"]
[SourceVersionDate "2015.12.18"]
[SourceQuality "1"]

1. e4 c5 2. Nc3 Nc6 3. f4 e6 4. Nf3 a6 5. d4 cxd4 6. Nxd4 Bc5 7. Be3 Qe7 8. Qd2 b5 9. 0-0-0 Bb7 10. Be2 Nf6 11. Bf3 0-0 12. e5 Ne8 13. Ne4 Nxd4 14. Bxd4 Bxe4 15. Bxe4 Ra7 16. Qe3 Rc7 17. Bxc5 Rxc5 18. Rxd7 Rxc2+ 19. Bxc2 Qxd7 20. Rd1 Qc6 21. Qe4 Qxe4 22. Bxe4 f6 23. exf6 Nxf6 24. Bb7 a5 25. g3 Kf7 26. Ba6 b4 27. b3 Nd5 28. Bc4 Nc3 29. Re1 Re8 30. f5 Nxa2+ 31. Kc2 Nc3 32. fxe6+ Ke7 33. Re5 a4 34. bxa4 Rc8 35. Kb3 Nxa4 36. Kxb4 Nb2 37. Bb5 Rb8 38. Kc3 Nd1+ 39. Kd2 Nf2 40. Bc4 Ng4 41. Rg5 Nxh2 42. Rxg7+ Kf6 43. Rf7+ Kg6 44. Bd3+ Kg5 45. e7 Re8 46. Bb5 Nf3+ 47. Ke3 1-0

[Event "London Classic op 7th"]
[Site "London"]
[Date "2015.12.05"]
[Round "2"]
[White "Fodor, Tamas Jr"]
[Black "Niccoli, Tony"]
[Result "1-0"]
[WhiteElo "2491"]
[BlackElo "2009"]
[PlyCount "145"]
[EventDate "2015.12.04"]
[EventType "swiss"]
[EventRounds "9"]
[EventCountry "ENG"]
[SourceTitle "CBM 169 Extra"]
[Source "ChessBase"]
[SourceDate "2015.12.18"]
[SourceVersion "1"]
[SourceVersionDate "2015.12.18"]
[SourceQuality "1"]

1. d4 d5 2. Bf4 Nf6 3. e3 c5 4. Nc3 e6 5. Nf3 cxd4 6. exd4 Bd6 7. Bg5 h6 8. Bh4 Nc6 9. a3 0-0 10. Bd3 Re8 11. 0-0 Be7 12. Rb1 Nh7 13. Bg3 Bd6 14. Ne5 Nxe5 15. dxe5 Be7 16. Nb5 Bd7 17. Nd4 Qb6 18. Kh1 Bc5 19. Nb3 Bb5 20. f4 Bxd3 21. Qxd3 f5 22. Be1 Rac8 23. h3 Qc7 24. g4 g6 25. Bc3 Kh8 26. Rbd1 Rg8 27. Rd2 Qf7 28. Qg3 Nf8 29. Rxd5 b6 30. Rd3 Kh7 31. Kh2 g5 32. fxg5 Rxg5 33. Bd2 Rg6 34. Qf3 Qg7 35. gxf5 Qxe5+ 36. Kh1 exf5 37. Bc3 Qe4 38. Nxc5 Qxf3+ 39. Rdxf3 bxc5 40. Rxf5 Kg8 41. Rf7 Re8 42. R1f2 Ne6 43. R7f6 Kh7 44. Rf7+ Kg8 45. R2f6 Rg3 46. Kh2 Rxh3+ 47. Kxh3 Ng5+ 48. Kh4 Nxf7 49. Rc6 Re2 50. Rxc5 Rxc2 51. Rc8+ Kh7 52. Rc7 Kg6 53. Rxa7 Ng5 54. Ra6+ Kf5 55. Rf6+ Ke4 56. Rxh6 Rg2 57. Kh5 Nf7 58. Rf6 Nd8 59. a4 Kd5 60. Rb6 Nc6 61. a5 Rg8 62. b4 Na7 63. Rb7 Ra8 64. Be1 Nc6 65. Rb5+ Kd6 66. Rb6 Kc7 67. Bc3 Rd8 68. b5 Na7 69. Be5+ Kc8 70. Rb8+ Kd7 71. Rxd8+ Kxd8 72. b6 Kc8 73. a6 1-0

[Event "Hastings Masters op 90th"]
[Site "Hastings"]
[Date "2015.01.02"]
[Round "5"]
[White "Haussernot, Cecile"]
[Black "Niccoli, Tony"]
[Result "1-0"]
[WhiteElo "2186"]
[BlackElo "1996"]
[PlyCount "37"]
[EventDate "2014.12.29"]
[EventType "swiss"]
[EventRounds "9"]
[EventCountry "ENG"]
[SourceTitle "CBM 164 Extra"]
[Source "ChessBase"]
[SourceDate "2015.03.02"]
[SourceVersion "1"]
[SourceVersionDate "2015.03.02"]
[SourceQuality "1"]

1. e4 e5 2. Nf3 Nc6 3. d4 exd4 4. Nxd4 Bc5 5. Nb3 Bb6 6. Qe2 d6 7. Be3 Be6 8. Nc3 Nf6 9. 0-0-0 Qe7 10. f3 0-0-0 11. g4 h6 12. Bxb6 axb6 13. Nd4 Nxd4 14. Rxd4 Rhe8 15. Qd2 d5 16. exd5 Bxd5 17. Nxd5 Qc5 18. b4 Qc6 19. Ne7+ 1-0

[Event "Hastings Masters op 90th"]
[Site "Hastings"]
[Date "2014.12.31"]
[Round "3"]
[White "Niccoli, Tony"]
[Black "Brustkern, Juergen"]
[Result "1/2-1/2"]
[WhiteElo "1996"]
[BlackElo "2236"]
[PlyCount "104"]
[EventDate "2014.12.29"]
[EventType "swiss"]
[EventRounds "9"]
[EventCountry "ENG"]
[SourceTitle "CBM 164 Extra"]
[Source "ChessBase"]
[SourceDate "2015.03.02"]
[SourceVersion "1"]
[SourceVersionDate "2015.03.02"]
[SourceQuality "1"]

1. e4 d5 2. exd5 Qxd5 3. Nc3 Qd6 4. d4 Nf6 5. g3 Bg4 6. Nge2 Bf3 7. Rg1 Nc6 8. Qd3 Bh5 9. Bf4 Qd7 10. 0-0-0 e6 11. Bg2 Nb4 12. Qc4 c6 13. a3 Nbd5 14. f3 b5 15. Qb3 Be7 16. g4 Bg6 17. h4 h5 18. g5 Nxc3 19. Nxc3 Nd5 20. Nxd5 cxd5 21. Bf1 a6 22. Bd3 Bxd3 23. Rxd3 0-0 24. Bd2 a5 25. f4 a4 26. Qa2 g6 27. c3 Rfc8 28. Kd1 Rc4 29. Ke2 Bd6 30. Rf3 Rac8 31. Qb1 R8c6 32. Qd3 Qa7 33. Ra1 Ra6 34. Ra2 Qd7 35. Ra1 Rc8 36. Rg3 Qc6 37. Rf3 Qc4 38. Qxc4 bxc4 39. Rc1 Rb8 40. Rc2 Rab6 41. Bc1 Rb3 42. Kf2 Kf8 43. Re2 R8b7 44. Kg3 Ke7 45. Kh3 Kd7 46. Kg2 Kc6 47. Kf2 Bc7 48. Ke1 Bb6 49. Rfe3 Ba7 50. Kf2 Kd7 51. Ke1 Bb8 52. Rf3 Bd6 1/2-1/2